00975cam a2200301Mi 4500001001300000003000600013005001700019008004100036010001700077015001900094029002100113035002100134040005100155050001800206082001300224100002800237245008000265260002800345300004000373336003100413337003500444338002900479650004600508650004600554942001200600948004400612999001700656ocn905631546OCoLC20230515111601.0821119s1968 enka 000 0 eng d a 68114643  aGB68110862bnb0 aNLGGCb822841436 a(OCoLC)905631546 aNLGGCbdutefobidrtbcNLGGCdL2UdOCLCQdOCLCO 0aLG411.F6bK460 a378.68/71 aKerr, Alexander.91955710aFort Hare 1915-48 :bthe evolution of an African college /cAlexander Kerr. aLondon :bHurst,c1968. ax, 290 p. :billustrations ;c23 cm atekstbtxt2rdacontent/dut azonder mediumbn2rdamedia/dut abandbnc2rdacarrier/dut 4aSouth Africa.0(NL-LeOCL)294938672912921 4auniversities.0(NL-LeOCL)294942823919558 2lcccBK hNO HOLDINGS IN GHUCC - 5 OTHER HOLDINGS c43881d43881